|
|
|
|
| LEADER |
00000nam0a2200000 4500 |
| 001 |
83468 |
| 005 |
20231031100212.0 |
| 035 |
|
|
|a (RuTPU)RU\TPU\book\89734
|
| 090 |
|
|
|a 83468
|
| 100 |
|
|
|a 20051017d1969 k y0rusy50 ca
|
| 101 |
0 |
|
|a rus
|
| 102 |
|
|
|a RU
|
| 105 |
|
|
|a a z 001zy
|
| 200 |
1 |
|
|a Методы поисков урановых месторождений
|f отв. ред. Д. Я. Суражский
|
| 210 |
|
|
|a Москва
|c Недра
|d 1969
|
| 215 |
|
|
|a 392 с.
|c ил.
|
| 300 |
|
|
|a Продолж. книги: В. И. Красников. Геологические предпосылки поисков месторождений урана
|
| 320 |
|
|
|a Библиогр.: с. 382-388.
|
| 610 |
1 |
|
|a геология
|
| 610 |
1 |
|
|a месторождения
|
| 610 |
1 |
|
|a поиск
|
| 610 |
1 |
|
|a урановые месторождения
|
| 610 |
1 |
|
|a разведка
|
| 610 |
1 |
|
|a уран
|
| 675 |
|
|
|a 553.495
|v 3
|
| 702 |
|
1 |
|a Суражский
|b Д. Я.
|4 340
|
| 801 |
|
1 |
|a RU
|b 63413507
|c 20051017
|g PSBO
|
| 801 |
|
2 |
|a RU
|b 63413507
|c 20170206
|g PSBO
|
| 942 |
|
|
|c BK
|